000 00525nam a2200217Ia 4500
003 OSt
005 20220928135619.0
006 a|||||r|||| 00| 0
007 ta
008 220927b |||||||| |||| 00| 0 eng d
024 _a3783
037 _cTextual
040 _aSDCL
_cSDCL
_beng
041 _2eng
_aeng
082 _aX:5385, L5
100 _aStrasser Daniel
_9492063
245 0 _aFinances of Europe
260 _c1975
942 _hX:5385, L5
_cTEXL
_2CC
999 _c807516
_d807516